LEADER 01436nam a2200313 i 4500 001 991002289639707536 005 20020503163620.0 008 990526s1997 it ||| | ita 020 $a8883191242 035 $ab10343192-39ule_inst 035 $aEXGIL101424$9ExL 040 $aDip.to Filol. Ling. e Lett.$bita 100 1 $aMozzarelli, Cesare$0143820 245 13$aLa corte di Mantova nell'età di Andrea Mantegna :$b1450-1550 = The court of the Gonzaga in the age of Mantegna :$b1450-1550 :$batti del convegno :$bLondra, 6-8 marzo 1992 - Mantova, 28 marzo 1992 /$ca cura di Cesare Mozzarelli, Robert Oresko, Leandro Ventura 260 $a[Roma] :$bBulzoni,$c[c1997] 300 $a429 p. ;$c24 cm. 490 0 $aBiblioteca del Cinquecento ;$v75 500 $aNell'occhietto: "Europa delle Corti" Centro studi sulle società di antico regime 650 4$aMantegna, Andrea 700 1 $aOresko, Robert 700 1 $aVentura, Leandro 740 4 $aThe court of the Gonzaga in the age of Mantegna $b1450-1550 787 0 $tBiblioteca del Cinquecento /$cCentro studi Europa delle Corti 907 $a.b10343192$b21-02-17$c27-06-02 912 $a991002289639707536 945 $aLE008 FL.M. X H 119$g1$i2008000197650$lle008$o-$pE0.00$q-$rl$s- $t0$u0$v0$w0$x0$y.i10403176$z27-06-02 996 $aCorte di Mantova nell'età di Andrea Mantegna$9199010 997 $aUNISALENTO 998 $ale008$b01-01-99$cm$da $e-$fita$git $h3$i1 LEADER 01912nam 2200565 a 450 001 9910779629003321 005 20200520144314.0 010 $a1-62257-910-0 035 $a(CKB)2550000001042642 035 $a(EBL)3020459 035 $a(SSID)ssj0001178565 035 $a(PQKBManifestationID)11707370 035 $a(PQKBTitleCode)TC0001178565 035 $a(PQKBWorkID)11169399 035 $a(PQKB)11443766 035 $a(MiAaPQ)EBC3020459 035 $a(OCoLC)847619086$z(OCoLC)834604363$z(OCoLC)961566262$z(OCoLC)962705300$z(OCoLC)1058107513$z(OCoLC)1066440228 035 $a(OCoLC)ocn847619086 035 $a(Au-PeEL)EBL3020459 035 $a(CaPaEBR)ebr10677503 035 $a(OCoLC)847619086 035 $a(EXLCZ)992550000001042642 100 $a20120823d2013 uy 0 101 0 $aeng 135 $aur|n|---||||| 181 $ctxt 182 $cc 183 $acr 200 00$aInfertility$b[electronic resource] $egenetic factors, treatment risks and benefits, social and psychological consequences /$fRenato Nascimento and Henrique Vilas Boas, editors 210 $aNew York $cNova Science Publishers$d2013 215 $a1 online resource (165 p.) 225 1 $aObstetrics and gynecology advances 225 1 $aHuman reproductive system - anatomy, roles and disorders 300 $a"Nova biomedical." 311 $a1-62257-909-7 320 $aIncludes bibliographical references and index. 410 0$aObstetrics and gynecology advances. 410 0$aHuman reproductive system--anatomy, roles, and disorders series. 606 $aInfertility 615 0$aInfertility. 676 $a616.6/92 701 $aNascimento$b Renato$01501248 701 $aBoas$b Henrique Vilas$01501249 801 0$bMiAaPQ 801 1$bMiAaPQ 801 2$bMiAaPQ 906 $aBOOK 912 $a9910779629003321 996 $aInfertility$93728371 997 $aUNINA